Joueurs formés au Paris Saint-Germain - Statistiques

Statistiques générales
  • Ce quiz a été pris 90 fois
  • Le résultat moyen est 12 sur 50
Statistiques - réponses
Club actuel Prix actuel (01/09/2025) Réponse % Correct
Paris Saint-Germain 🇫🇷 50 000 000€ Warren Zaïre-Emery
84%
AC Milan 🇮🇹 25 000 000€ Adrien Rabiot
70%
AC Milan 🇮🇹 35 000 000€ Christopher Nkunku
69%
AC Milan 🇮🇹 25 000 000€ Mike Maignan
63%
Al Nassr 🇸🇦 30 000 000€ Kingslay Coman
60%
Al Ittihad 🇸🇦 30 000 000€ Moussa Diaby
60%
Tottenham 🇬🇧 70 000 000€ Xavi Simons
59%
Lazio Rome 🇮🇹 32 000 000€ Mattéo Guendouzi
56%
Paris Saint-Germain 🇫🇷 5 000 000€ Presnel Kimpembe
56%
Paris Saint-Germain 🇫🇷 15 000 000€ Senny Mayulu
54%
West Ham 🇬🇧 9 000 000€ Alphonse Areola
38%
Paris Saint-Germain 🇫🇷 3 000 000€ Ibrahim Mbaye
36%
OGC Nice 🇫🇷 15 000 000€ Mohammed-Ali Cho
33%
AC Milan 🇮🇹 11 000 000€ Yacine Adli
31%
Real Madrid 14 000 000€ Ferland Mendy
30%
Olympique de Marseille 🇫🇷 17 000 000€ Timothy Weah
29%
Lille OSC 🇫🇷 5 000 000€ Ethan Mbappé
28%
Fortuna Sittard 🇳🇱 1 800 000€ Edouard Michut
25%
Fiorentina 🇮🇹 7 000 000€ Jonathan Ikoné
25%
Nottingham Forrest 🇬🇧 22 000 000€ Arnaud Kalimuendo
24%
FC Copenhague 🇩🇰 2 500 000€ Yoram Zague
24%
Tottenham 🇬🇧 20 000 000€ Wilson Odobert
21%
Crystal Palace 🇬🇧 8 000 000€ Odsonne Edouard
18%
SC Braga 🇵🇹 7 500 000€ Ismaël Gharbi
16%
Al Ettifaq 🇸🇦 8 000 000€ Moussa Dembélé
16%
Bayer Leverkusen🇩🇪 2 000 000€ Axel Tape
13%
RC Strasbourg Alsace 🇫🇷 5 000 000€ Sékou Mara
13%
RB Salzburg 🇦🇹 15 000 000€ Joane Gadou
11%
1.FC Union Berlin 🇩🇪 2 500 000€ Stanley Nsoki
11%
AFC Sunderland 🇬🇧 2 500 000€ Timothée Pembélé
11%
Inter 🇮🇹 15 000 000€ Andy Diouf
9%
Hellas Verona 🇮🇹 2 500 000€ Antoine Bernede
9%
Stade Brestois 🇫🇷 6 000 000€ Junior Dina Ebimbe
9%
Leicester City 🇬🇧 12 000 000€ Boubakary Soumaré
8%
Beerschot VA🇧🇪 2 000 000€ Loïc Mbe-Soh
8%
Olympique Lyonnais 🇫🇷 2 000 000€ Mahamadou Diawara
8%
Palerme FC 🇮🇹 2 800 000€ Claudio Gomes
5%
VfB Stuttgart 🇩🇪 2 000 000€ Dan-Axel Zagadou
4%
Glasgow Rangers 🇬🇧 2 000 000€ Djeidi Gassama
4%
RB Leipzig 🇩🇪 18 000 000€ El Chadaille Bitshabu
4%
BSC Young Boys🇨🇭 9 000 000€ Jaouen Hadjam
4%
RC Strasbourg Alsace 🇫🇷 8 000 000€ Soumaïla Coulibaly
4%
Hambourg SV 🇩🇪 1 800 000€ Aboubaka Soumahoro
3%
FC Augsbourg 🇩🇪 4 500 000€ Samuel Essende
1%
SC Braga 🇵🇹 8 000 000€ Sikou Niakaté
1%
Al Gharafa 🇸🇦 2 000 000€ Yacine Brahimi
1%
Al Duhail SC 🇸🇦 1 800 000€ Youssouf Sabaly
1%
Ipswich Town 🇬🇧 3 000 000€ Cédric Kipré
0%
Al Diraiyah 🇸🇦 5 000 000€ Georges-Kévin N'Koudou
0%
KAA La Gantoise 🇧🇪 2 500 000€ Wilfried Kanga
0%
Aucun quiz correspondant
Distribution des résultats
% des personnes avec chaque résultat
Percentile par nombre de réponses
Votre historique - résultats
Vous n’avez pas pris ce quiz